Diseño de sistemas de VoIP de alta disponibilidad con Asterisk
Bewaard in:
| Hoofdauteur: | |
|---|---|
| Formaat: | Boek |
| Gepubliceerd in: |
[San José, Costa Rica]
2008
|
| Onderwerpen: | |
| Tags: |
Voeg label toe
Geen labels, Wees de eerste die dit record labelt!
|
MARC
| LEADER | 00000nam a2200000Ia 4500 | ||
|---|---|---|---|
| 003 | 001360 | ||
| 005 | 20221231144049.0 | ||
| 008 | 140114s2008 cr a 000 ||s d | ||
| 040 | |c cru CEDI | ||
| 090 | |a TFG 5883 | ||
| 100 | |a Guadamuz Arias, Edgar |9 3798 | ||
| 245 | |a Diseño de sistemas de VoIP de alta disponibilidad con Asterisk | ||
| 260 | |c 2008 |b [San José, Costa Rica] | ||
| 300 | |a xii, 138 hojas; ilustraciones | ||
| 500 | |a Tesis (licenciatura en ingeniería eléctrica)--Universidad de Costa Rica. Facultad de Ingeniería. Escuela de Ingeniería Eléctrica | ||
| 650 | |x TELEFONIA POR INTERNET |x SISTEMAS DE PROCESAMIENTO DE LA VOZ |x ASTERISK (PROGRAMAS PARA COMPUTADORA) |x TCP/IP (PROTOCOLO DE REDES DE COMPUTADORAS) |x TELECOMUNICACIONES |9 3799 | ||
| 942 | |c TFG | ||
| 999 | |c 16352 |d 16352 | ||
